Institutes de Justinien. (Record no. 153982)
[ view plain ]
| 000 -LEADER | |
|---|---|
| campo de control de longitud fija | 00761nam a2200217 4500 |
| 001 - NÚMERO DE CONTROL | |
| campo de control | 153982 |
| 003 - IDENTIFICADOR DE NÚMERO DE CONTROL | |
| campo de control | ES-MaACL |
| 005 - FECHA Y HORA DE LA ÚLTIMA TRANSACCIÓN | |
| campo de control | 20251013220059.0 |
| 008 - DATOS DE LONGITUD FIJA--INFORMACIÓN GENERAL | |
| campo de control de longitud fija | 950228s1847 fr |||| | fre d |
| 040 ## - FUENTE DE CATALOGACIÓN | |
| Centro catalogador/agencia de origen | EUS |
| Lengua de catalogación | spa |
| Centro/agencia transcriptor | EUS |
| 100 0# - ENTRADA PRINCIPAL--NOMBRE DE PERSONA | |
| Nombre de persona | Justiniano |
| Numeración | I |
| Títulos y otros términos asociados al nombre | Emperador de Oriente. |
| 9 (RLIN) | 67359 |
| 245 10 - MENCIÓN DEL TÍTULO | |
| Título | Institutes de Justinien. |
| Nombre de parte o sección de la obra | Tome premier / |
| Mención de responsabilidad, etc. | traduites et expliquées par L. Etienne. |
| 250 ## - MENCION DE EDICION | |
| Mención de edición | 2e. tirage aug. d'une nouvelle introduction. |
| 260 ## - PUBLICACIÓN, DISTRIBUCIÓN, ETC. | |
| Lugar de publicación, distribución, etc. | Aix : |
| Nombre del editor, distribuidor, etc. | Chez Aubin, Imprimeur-Libraire, |
| Fecha de publicación, distribución, etc. | 1847. |
| 300 ## - DESCRIPCIÓN FÍSICA | |
| Extensión | 591 p. ; |
| Dimensiones | 25 cm. |
| 700 1# - ENTRADA AGREGADA--NOMBRE PERSONAL | |
| Nombre de persona | Etienne, Louis, |
| Fechas asociadas al nombre | 1799-1885 |
| 9 (RLIN) | 126981 |
| 730 0# - ASIENTO SECUNDARIO--TITULO UNIFORME | |
| Título uniforme | Corpus juris civilis. |
| Nombre de parte o sección de la obra | Institutiones |
| 9 (RLIN) | 135271 |
| 852 ## - LOCALIZACIÓN | |
| Ubicación | ES-MaACL |
| Número de control de estantería | C-3617 |
| Nota libre | -- Enc. hol. |
| Estatus retirado | Estado de pérdida | Estado de daño | No para préstamo | Colección | Biblioteca de origen | Biblioteca actual | Ubicación en estantería | Fecha de adquisición | Fuente de adquisición | Total de préstamos | Signatura topográfica completa | Código de barras | Visto por última vez | Precio de reemplazo | Tipo de ítem Koha |
|---|---|---|---|---|---|---|---|---|---|---|---|---|---|---|---|
| Libros del s. XIX | Biblioteca del Ateneo de Madrid | Biblioteca del Ateneo de Madrid | Sala Palomar | 17/01/2008 | C-3617 | 1160998 | 23/02/2023 | 23/02/2023 | Libro impreso antiguo |
